International Courts and Tribunals

Zapisane w:
Opis bibliograficzny
1. autor: Schabas, William A (Autor)
Format: Książka
Język:angielski
Wydane: Northampton Edward Elgar Publishing 2014
Wydanie:1a. ed
Seria:International Law, 5
Hasła przedmiotowe:
Etykiety: Dodaj etykietę
Nie ma etykietki, Dołącz pierwszą etykiete!

MARC

LEADER 00000cam a2200000 a 4500
001 UCE7727
003 CL-VaPUC
008 150703e20140000us |||||||||||||||||eng|d
020 |a 9781782547778 
082 0 4 |a 341.552  |b SCH  |2 21 
100 0 |a Schabas, William A  |e author  |9 580410 
245 1 0 |a International Courts and Tribunals 
250 |a 1a. ed 
300 |a 912 p 
942 |c BK 
945 |d 20150703 10:05:00  |a dcastane 
260 |a Northampton  |b Edward Elgar Publishing  |c 2014 
600 0 7 |a CORTE INTERNACIONAL DE JUSTICIA  |2 CL-VaPUC  |9 391234 
650 0 |a Derecho internacional  |9 255637 
583 |a last modification  |c 20150710 08:45:42  |k Rodrigo Vera 
490 0 |a International Law, 5 
999 |c 359758  |d 359756 
952 |0 0  |1 0  |3 erd  |4 0  |6 341_552000000000000_SCH_2014  |7 0  |8 A  |9 469297  |a BIBDER  |b BIBDER  |i 5169313  |o 341.552 SCH 2014  |p 5169313  |r 2023-01-25  |w 2019-11-23  |y BK  |z Catalogado en:20150703  |k DER